<?xml version="1.0" encoding="UTF-8"?>
<marc:record xmlns:marc="http://www.loc.gov/MARC21/slim">
   <marc:leader>00000nam a2200000 a 4500</marc:leader>
   <marc:datafield ind1="1" ind2=" " tag="100">
      <marc:subfield code="a">Oda, Eiichiro</marc:subfield>
      <marc:subfield code="4">aut</marc:subfield>
      <marc:subfield code="e">Verfasser/-in</marc:subfield>
   </marc:datafield>
   <marc:datafield ind1="0" ind2="0" tag="245">
      <marc:subfield code="a">One piece </marc:subfield>
   </marc:datafield>
   <marc:datafield ind1="0" ind2="0" tag="245">
      <marc:subfield code="b">Tom</marc:subfield>
   </marc:datafield>
   <marc:datafield ind1=" " ind2="1" tag="264">
      <marc:subfield code="b">Carlsen Verl.</marc:subfield>
      <marc:subfield code="c">2005</marc:subfield>
   </marc:datafield>
   <marc:datafield ind1="1" ind2=" " tag="490">
      <marc:subfield code="a">One Piece</marc:subfield>
   </marc:datafield>
   <marc:datafield ind1="1" ind2=" " tag="520">
      <marc:subfield code="a">Während Ruffy verzweifelt gegen Cipherpol Nr. 9 um Nico Robin kämpft, trifft Lysop auf den geheimnisvollen Sänger Frankie, der in Wahrheit der Schiffszerleger Cutty Framm ist. Auch hinter ihm sind die Agenten der Weltregierung bereits her, um den Bauplan der legendären »antiken Waffe« an sich zu bringen. Ist Cutty Framm wirklich der Bewahrer eines furchtbaren, die Welt bedrohenden Geheimnisses?

</marc:subfield>
   </marc:datafield>
   <marc:datafield ind1=" " ind2=" " tag="020">
      <marc:subfield code="a">9783551757272</marc:subfield>
      <marc:subfield code="9">9783551757272</marc:subfield>
   </marc:datafield>
</marc:record>
